Missing Word: Authors III Quiz Stats

 Plays Quiz Updated Oct 13, 2016

Challenge
Share
Tweet
Embed
Score 0/16 Timer 02:00
0 Plays Today
% Correct
Code
99.2%
Bad
96.3%
Angels
95.8%
Hunt
94.5%
Mice
90.2%
Pelican
88.7%
Games
85.4%
Clear
83.7%
% Correct
Time
78.2%
Sum
78.2%
Spider
75.6%
Jury
63.7%
Kiss
59.4%
King
53.3%
Lost
39.3%
Point
31.1%

Today's Daily Dose

You're not logged in!

Compare scores with friends on all Sporcle quizzes.
OR
Log In

You Might Also Like...

Show Comments

Extras

Top Quizzes Today


Score Distribution

Your Account Isn't Verified!

In order to create a playlist on Sporcle, you need to verify the email address you used during registration. Go to your Sporcle Settings to finish the process.

Report this User

Report this user for behavior that violates our Community Guidelines.

Details: